German Monarchs - Statistics

General Stats
  • This quiz has been taken 334 times
  • The average score is 45 of 74
Answer Stats
Hint Answer % Correct
1848-1850 Frederick William IV
99%
1247-1256 William
96%
1866-1888 William I
96%
1888-1918 William II
96%
882-887 Charles III
92%
1346-1378 Charles IV
92%
1519-1556 Charles V
92%
1711-1740 Charles VI
92%
1743-1745 Charles VII
92%
1152-1190 Frederick I
92%
1196-1198 Frederick II
92%
1212-1250 Frederick II
92%
1440-1493 Frederick III
92%
1888 Frederick III
92%
1314-1330 Frederick
88%
961-983 Otto II
84%
983-1002 Otto III
84%
1198-1215 Otto IV
84%
936-973 Otto I
81%
1850-1866 Francis Joseph I
78%
1745-1765 Francis I
76%
1815-1835 Francis I
76%
1792-1806 Francis II
76%
1246-1247 Henry
76%
919-936 Henry I
76%
1002-1024 Henry II
76%
1028-1056 Henry III
76%
1054-1084 Henry IV
76%
1147-1150 Henry (VI)
76%
1169-1197 Henry VI
76%
1220-1235 Henry (VII)
76%
1308-1313 Henry VII
76%
843-876 Louis II
69%
880-882 Louis III
69%
899-911 Louis IV
69%
1314-1347 Louis IV
69%
1099-1125 Henry V
63%
1690-1711 Joseph I
62%
1764-1790 Joseph II
62%
1531-1564 Ferdinand I
54%
1835-1848 Ferdinand I
54%
1619-1637 Ferdinand II
54%
1636-1657 Ferdinand III
54%
1653-1654 Ferdinand IV
54%
1486-1519 Maximilian I
51%
1562-1576 Maximilian II
51%
1077-1080 Rudolf
50%
1273-1291 Rudolf I
50%
1575-1612 Rudolf II
50%
1658-1705 Leopold I
47%
1790-1792 Leopold II
47%
1806-1813 Napoleon I
46%
1298-1308 Albert I
44%
1438-1439 Albert II
44%
1125-1137 Lothair III
44%
1411-1437 Sigismund
41%
1612-1619 Matthias
40%
1292-1298 Adolf
39%
1257-1272 Richard
39%
1198-1208 Philip
37%
1087-1101 Conrad
35%
911-918 Conrad I
35%
1024-1039 Conrad II
35%
1138-1152 Conrad III
35%
1237-1254 Conrad IV
35%
876-880 Carloman
33%
1400-1410 Rupert
31%
887-899 Arnulf I
25%
919-921 Arnulf II
25%
1376-1400 Wenceslaus
22%
1257-1275 Alfonso
18%
1081-1088 Hermann
18%
1349 Günther
16%
1410-1411 Jobst
15%
No matching quizzes found
Score Distribution
Percent of People with Each Score
Percentile by Number Answered
Your Score History
You have not taken this quiz